000 00362nam a2200145 a 4500
008 961209s1963||||xx 0 und c
040 _aSNK
_bslo
_cSNK
_eAACR2
100 1 _aKregárová, E.
245 1 0 _aUčebnica maďarčiny pre samoukov 1. diel
260 _aBratislava
_bSPN
_c1963
300 _a350 s.
020 _c22,10
044 _axo
_cSK
041 _aslo
999 _c19248
_d19248